01656nam a2200325   4500003000900000005001700009008004100026040004600067041000800113082002700121092000700148099003600155100004900191245010500240264004600345300002800391336002200419337002400441338003300465504006300498546004100561650007800602856005700680905001700737942001900754999001700773952018000790952018000970952018001150EG-GICUC20260121101037.0251023s1997    ua	||||fr|||| 00| 0 ara d  a EG-GICUCbarac EG-GICUCd EG-GICUCerda0 aara04221a341.77bا ب . ن04221  aLaw1  11	341.77 ا ب . ن	19970 aإبراهيم العنانىeمؤلف.12aالنظام الدولى الأمنى /cتأليف دكتور إبراهيم العنانى. 1aالقاهرة:bدون ناشر؛c1997.  a؛440 صفحةc24 سم  2rda contentatext  2rda mediaaComputer  2rda carrieraOnline Resource  aيحتوي على اراجاعات ببليوجرافية
  aالنص باللغة العربية1 aالقانون الجنائى الدولى-مكافحة الجريمة.40uhttps://fll.law.cu.edu.eg/fulltext/bks/B11-04653.pdf  aRawan khaled  2ddcn0cBKe21  c37083d37083  00102ddc40718القانون الدولي العامaCUbLAW1d2025-10-23l0oLaw1  11	341.77 ا ب . ن	1997 1104653	C1pB11-04653r2025-10-23 18:22:49t1w2025-10-23yBK  00102ddc40708القانون الدولي العامaCUbLAW1d2025-10-25l0oLaw1  11	341.77 ا ب . ن	1997 1106422 C2pB11-06422r2025-10-25 12:58:20t2w2025-10-25yBK  00102ddc40708القانون الدولي العامaCUbLAW2d2025-10-25l0oLaw2  11	341.77 ا ب . ن	1997 1106423 C3pB11-06423r2025-10-25 13:01:33t3w2025-10-25yBK